LEADER 01253nam a2200253 i 4500 001 000000198577 003 CaOOAMICUS 005 20240327103419.0 008 110307s1994 it u000 u ita u 040 $aSeMil$bita 245 00$aDon Giovanni Rimoldi :$bParrocchia Beata Vergine Assunta in Bruzzano : 50 anni di sacerdozio, 30 anni di parrocchia. 250 $aPro manuscripto. 260 $aNovate Milanese (Mi) :$bOffset Giemme,$cstampa 1994. 300 $a29 p. :$bill. ;$c24 cm. 500 $aTitolo dalla copertina. 600 14$aRimoldi, Giovanni .$0(OLS)http://semarc/subject/37301 650 4$aMilano - Rioni e quartieri - Bruzzano - Chiese - Beata Vergine Assunta.$0(OLS)http://semarc/subject/55305 700 1 $aRimoldi, Giovanni,$c.$0(OLS)http://semarc/name/22410 850 $aSeMil 852 $aSeMil$W1$xVenegono$y1$m5D X 14/20$j149133$B149133$CSeMilBibl$Z2$F160539 $81 961 $aOmaggio: Altro 996 $6245$aDon Giovanni Rimoldi :$bParrocchia Beata Vergine Assunta in Bruzzano : 50 anni di sacerdozio, 30 anni di parrocchia$9(OLS)http://semarc/title/286992 996 $6260$aNovate Milanese (Mi) :$bOffset Giemme$9(OLS)http://semarc/publisher/51190 LEADER 01026nam a2200241 i 4500 001 000000075210 003 CaOOAMICUS 005 20110530000000.0 008 110530s1856 it u000 u ita u 013 $a46382 040 $aSeMil$bita 100 1 $aGuerrazzi, Francesco Domenico,$d<1804-1873>.$0(OLS)http://semarc/name/11338 245 10$aOrazioni funebri di illustri italiani /$cdettate da F. D. Guerrazzi: con aggiunta di alcuni scritti intorno alle belle arti. 250 $a5. Ed. 260 $aFirenze :$bLe Monnier,$c1856. 300 $a227 p. ;$c19 cm. 490 0 $aBiblioteca nazionale 650 4$aUomini celebri italiani - Necrologie.$0(OLS)http://semarc/subject/15348 830 0$aBiblioteca nazionale.$0(OLS)http://semarc/title/33708 850 $aSeMil 852 $aSeMil$W1$xVenegono$y1$m1E IV 18 FA$j41362$B41362$CSeMilBibl$Z2$F41366 $8I 996 $6245$aOrazioni funebri di illustri italiani$9(OLS)http://semarc/title/122012 996 $6260$aFirenze :$bLe Monnier$9(OLS)http://semarc/publisher/30060